000 00911nam a22002057a 4500
003 OSt
005 20110718134526.0
008 100409t xxu||||| |||| 00| 0 eng d
040 _aNEGST Library - Kenya
_cNEGST Library - Kenya
_dNEGST Library - Kenya
050 1 4 _aHN 49.C6
_bT74 1993
245 _aToward partnership in development :
_ba handbook for PRA practioners /
_ccompiled by participants.
260 _aLondon :
_bSustainable Agricultural Programme, International Institute for Environment and Development,
_c1993.
300 _a45 p. :
_bill.
500 _a"Based on a PRA Training Workshop: Bulwer, Natal (19-26 April 1993)." - cover.
500 _a[Africana].
650 _aCommunity development
_zSouth Africa.
_93341
650 _aPartnership
_zSouth Africa.
_93342
710 2 _aInternational Institute for Environment and Development
_bSustainable Agricultural Programme.
_93343
942 _2lcc
_cBK
999 _c45452
_d45426